[Event "Oberfranken-ch U16"]
[Site "Schney"]
[Date "2019.01.06"]
[Round "7"]
[White "Focsa Lutz, Tudor"]
[Black "Zweckbronner, Maximilian"]
[Result "1/2-1/2"]
[WhiteElo "1267"]
[BlackElo "1480"]
[PlyCount "56"]
[EventDate "2019.01.03"]
[EventType "swiss"]
[EventRounds "7"]
[EventCountry "GER"]
[SourceTitle "EXT 2021"]
[Source "ChessBase"]
[SourceDate "2020.10.23"]
[SourceVersion "1"]
[SourceVersionDate "2020.10.23"]
[SourceQuality "1"]

1. e4 c5 2. Nf3 a6 3. d4 cxd4 4. Nxd4 Nf6 5. Nc3 e5 6. Nb3 Bb4 7. f3 0-0 8. Bg5 Nc6 9. a3 Bxc3+ 10. bxc3 d6 11. Bc4 h6 12. Bxf6 Qxf6 13. 0-0 Ne7 14. a4 Be6 15. Be2 Rfd8 16. Qc1 d5 17. Nc5 Bc8 18. Nd3 Qd6 19. Qa3 Qc7 20. Qc5 Qxc5+ 21. Nxc5 b6 22. Nb3 Bb7 23. Nd2 Rac8 24. c4 dxe4 25. Nxe4 f5 26. Nc3 Rd6 27. Rab1 Rc7 28. g4 Kf7 1/2-1/2

[Event "Oberfranken-ch U16"]
[Site "Schney"]
[Date "2019.01.05"]
[Round "6"]
[White "Zweckbronner, Maximilian"]
[Black "Petzold, Annika"]
[Result "1/2-1/2"]
[WhiteElo "1480"]
[BlackElo "1503"]
[PlyCount "30"]
[EventDate "2019.01.03"]
[EventType "swiss"]
[EventRounds "7"]
[EventCountry "GER"]
[SourceTitle "EXT 2021"]
[Source "ChessBase"]
[SourceDate "2020.10.23"]
[SourceVersion "1"]
[SourceVersionDate "2020.10.23"]
[SourceQuality "1"]

1. d4 g6 2. c4 Bg7 3. g3 c5 4. Nf3 cxd4 5. Nxd4 Nc6 6. Nxc6 bxc6 7. Bg2 Bb7 8. 0-0 Nf6 9. Nc3 0-0 10. Qc2 Qc8 11. c5 d6 12. cxd6 exd6 13. Rd1 d5 14. Bf4 Nh5 15. Bd6 Rd8 1/2-1/2

[Event "Oberfranken-ch"]
[Site "Schney"]
[Date "2018.01.03"]
[Round "2.2"]
[White "Zweckbronner, Maximilian"]
[Black "Reifschneider, Melissa"]
[Result "1-0"]
[WhiteElo "1266"]
[BlackElo "1245"]
[PlyCount "91"]
[EventDate "2018.01.03"]
[EventType "swiss"]
[EventRounds "7"]
[EventCountry "GER"]
[SourceTitle "EXT 2022"]
[Source "ChessBase"]
[SourceDate "2021.10.06"]
[SourceVersion "1"]
[SourceVersionDate "2021.10.06"]
[SourceQuality "1"]

1. c4 e5 2. Nf3 Nc6 3. d4 d6 4. Nc3 Nf6 5. g3 Bg4 6. dxe5 Bxf3 7. exf3 dxe5 8. Qe2 Bd6 9. Bg2 Nd4 10. Qd1 0-0 11. 0-0 h6 12. f4 Rb8 13. fxe5 Bxe5 14. Be3 Nc6 15. f4 Qxd1 16. Rfxd1 Ng4 17. Bc5 Bxc3 18. bxc3 Rfe8 19. Bxc6 bxc6 20. Bxa7 Rb2 21. h3 Ne3 22. Re1 Rg2+ 23. Kh1 Rxg3 24. a4 Re6 25. Rxe3 Rgxe3 26. Bxe3 Rxe3 27. Kg2 Rxc3 28. a5 Rd3 29. a6 Rd8 30. a7 Ra8 31. Kf3 Kf8 32. Ke4 Ke7 33. c5 Kd7 34. Ke5 Kc8 35. f5 Kb7 36. h4 Rxa7 37. Rxa7+ Kxa7 38. h5 f6+ 39. Ke6 Ka6 40. Kf7 Kb5 41. Kxg7 Kxc5 42. Kxf6 Kd6 43. Kg7 c5 44. f6 c4 45. f7 c3 46. f8Q+ 1-0

[Event "Oberfranken-ch U14"]
[Site "Schney"]
[Date "2017.01.06"]
[Round "7.3"]
[White "Zweckbronner, Maximilian"]
[Black "Petzold, Annika"]
[Result "1/2-1/2"]
[WhiteElo "1126"]
[BlackElo "1335"]
[PlyCount "27"]
[EventDate "2017.01.03"]
[EventType "swiss"]
[EventRounds "7"]
[EventCountry "GER"]
[SourceTitle "EXT 2024"]
[Source "ChessBase"]
[SourceDate "2023.10.10"]
[SourceVersion "1"]
[SourceVersionDate "2023.10.10"]
[SourceQuality "1"]

1. e4 d6 2. d4 Nf6 3. Nc3 g6 4. f4 Bg7 5. Nf3 0-0 6. Bd3 Bg4 7. h3 Bxf3 8. Qxf3 c6 9. Be3 e6 10. 0-0 Qd7 11. Rad1 b5 12. a3 Na6 13. b4 Nc7 14. Rfe1 1/2-1/2

[Event "Oberfranken-ch U14"]
[Site "Schney"]
[Date "2017.01.05"]
[Round "6.4"]
[White "Stark, Patrick"]
[Black "Zweckbronner, Maximilian"]
[Result "0-1"]
[WhiteElo "776"]
[BlackElo "1126"]
[PlyCount "54"]
[EventDate "2017.01.03"]
[EventType "swiss"]
[EventRounds "7"]
[EventCountry "GER"]
[SourceTitle "EXT 2024"]
[Source "ChessBase"]
[SourceDate "2023.10.10"]
[SourceVersion "1"]
[SourceVersionDate "2023.10.10"]
[SourceQuality "1"]

1. d4 e6 2. e4 d5 3. exd5 exd5 4. Qe2+ Be6 5. Nc3 Bb4 6. Qb5+ Nc6 7. Qxb7 Bxc3+ 8. bxc3 Nge7 9. Bb5 Bd7 10. Bf4 Rb8 11. Qxc7 Qxc7 12. Bxc7 Rxb5 13. Nf3 0-0 14. 0-0 Rb7 15. Bd6 Re8 16. Ne5 Nxe5 17. dxe5 Ng6 18. h3 Nxe5 19. Bxe5 Rxe5 20. Rab1 Bc6 21. Rxb7 Bxb7 22. Rd1 Re8 23. Rb1 Bc6 24. Kf1 f6 25. a4 Bxa4 26. Re1 Bb5+ 27. c4 Bxc4+ 0-1